Länderformen in der Weltkarte #5 - Statistiken

Allgemein
  • Dieses Quiz wurde 270 mal gespielt
  • Das Durchschnittsergebnis liegt bei 14 aus 20
Antworten auf der Karte
Die Antworten werden auf der Karte rot bzw. grün angezeigt, abhängig davon wie oft sie richtig erraten wurden.
 
Antwortstatistiken
Land % Korrekt
Russland
96%
Indien
92%
Deutschland
90%
Vereinigtes Königreich
87%
Südafrika
84%
Kolumbien
83%
Sudan
82%
Mali
79%
Uruguay
72%
Ungarn
69%
Afghanistan
67%
Bosnien und Herzegowina
66%
Birma
63%
Suriname
62%
Ghana
61%
Guatemala
59%
Vereinigte Arabische Emirate
57%
Jordanien
56%
Sambia
56%
Kiribati
51%
Keine übereinstimmenden Quizze gefunden
Verteilung der Resultate
Anzahl Personen mit jedem Resultat
Perzentil nach korrekt beantworteten Fragen
Ihre Resultats-Entwicklung
Sie haben dieses Quiz noch nicht gespielt